América Latina: proletariado y sus aliados

Kaydedildi:
Detaylı Bibliyografya
Müşterek Yazar: Editorial Internacional Paz y Socialismo
Materyal Türü: Metin
Baskı/Yayın Bilgisi: s.l.: Internacional
Etiketler: Etiketle
Etiket eklenmemiş, İlk siz ekleyin!

MARC

LEADER 00000 a a2200000 04500
001 24939
003
040
090 |a 179000  
110 |a Editorial Internacional Paz y Socialismo  
245 |a América Latina: proletariado y sus aliados  
260 |a s.l.:   |b Internacional  
300 |a 216 p.  
999 |c 6126  |d 6126